书目信息 |
| 题名: |
无线移动因特网:体系结构、协议及业务
|
|
| 作者: | 杰马利波, , 阿巴斯 著 ;罗涛 , 郝建军 译 | |
| 分册: | ||
| 出版信息: | 北京 机械工业出版社 2005.01 |
|
| 页数: | 325页 | |
| 开本: | 26cm | |
| 丛书名: | 国外信息科学经典教材 | |
| 单 册: | ||
| 中图分类: | TP393.4 , TP393.4 | |
| 科图分类: | ||
| 主题词: | 无线电通信--Wu Xian Dian Tong Xin--移动通信--互连网络 , 计算机应用 | |
| 电子资源: | ||
| ISBN: | 7-111-15428-2 | |
| 000 | 01545nam 2200373 450 | |
| 001 | 1387 | |
| 005 | 20050511143318.2 | |
| 010 | @a7-111-15428-2@d39.00CNY | |
| 099 | @aCAL 012005023709 | |
| 100 | @a20050224d2005 ekmy0chiy0121 ea | |
| 101 | 1 | @achi@ceng |
| 102 | @aCN@b110000 | |
| 105 | @aa a 000yy | |
| 200 | 1 | @a无线移动因特网:体系结构、协议及业务@Awu xian yi dong yin te wang:ti xi jie gou、xie yi ji ye wu@d= The wireless mobile internet@earchitectures, protocols and services@f(澳)阿巴斯著@F(ao)a ba si zhu@g罗涛, 郝建军等译@zeng |
| 210 | @a北京@c机械工业出版社@d2005.01 | |
| 215 | @a325页@c图@d26cm | |
| 225 | 2 | @a国外信息科学经典教材@AGuo Wai Xin Xi Ke Xue Jing Dian Jiao Cai |
| 314 | @a责任者Jamalipour编目员自译姓:杰马利波 | |
| 320 | @a有书目 | |
| 330 | @a本书系统讲述了无线移动因特网的体系结构、协议及其业务,并介绍了如何构建无线移动因特网。全书主要内容包括:无线移动因特网完整的定义及其所使用的技术,无线移动因特网进一步发展的方向及其全球化问题等。 | |
| 410 | 0 | @12001 @a国外信息科学经典教材 |
| 510 | 1 | @aWireless mobile internet@earchitectures, protocols and services@zeng |
| 606 | 0 | @a无线电通信@AWu Xian Dian Tong Xin@x移动通信@x互连网络 |
| 606 | 0 | @a计算机应用 |
| 690 | @aTP393.4@v4 | |
| 690 | @aTP393.4@v3 | |
| 701 | 1 | @a杰马利波,@AJie Ma Li Bo@bA.@g(Jamalipour, Abbas)@4著 |
| 701 | 0 | @a阿巴斯@Aa ba si@4著 |
| 702 | 0 | @a罗涛@ALuo Tao@4译 |
| 702 | 0 | @a郝建军@AHao Jian Jun@4译 |
| 801 | 0 | @aCN@bSEU@c20050317 |
| 905 | @a10447@dTP393.4@eA020 | |
| 906 | @dCNY39.00@n0@r1 | |
| 998 | @aSEU | |
| 无线移动因特网:体系结构、协议及业务= The wireless mobile internet:architectures, protocols and services/(澳)阿巴斯著/罗涛, 郝建军等译.-北京:机械工业出版社,2005.01 |
| 325页:图;26cm.-(国外信息科学经典教材) |
| ISBN 7-111-15428-2:39.00CNY |
| 本书系统讲述了无线移动因特网的体系结构、协议及其业务,并介绍了如何构建无线移动因特网。全书主要内容包括:无线移动因特网完整的定义及其所使用的技术,无线移动因特网进一步发展的方向及其全球化问题等。 |
| ● |
| 相关链接 |
|
|
|
正题名:无线移动因特网:体系结构、协议及业务
索取号:TP393.4/A020
 
预约/预借
| 序号 | 登录号 | 条形码 | 馆藏地/架位号 | 状态 | 备注 |
| 1 | 530277 | 205302778 | 自科库301/301自科库 133排1列4层/ [索取号:TP393.4/A020] | 在馆 | |
| 2 | 530278 | 205302787 | 期刊室512/301自科库 133排1列4层/ [索取号:TP393.4/A020] | 在馆 | |
| 3 | 530279 | 205302796 | 自科二线504/504自科库 4排3列2层/ [索取号:TP393.4/A020] | 在馆 | |
| 4 | 530280 | 205302803 | 自科二线504/504自科库 4排3列2层/ [索取号:TP393.4/A020] | 在馆 | |
| 5 | 530281 | 205302812 | 期刊室512/301自科库 133排1列4层/ [索取号:TP393.4/A020] | 在馆 |